000 00741nam a22002417a 4500
003 URS
005 20220125142204.0
008 200302b ||||| |||| 00| 0 eng d
040 _aURS
_bEnglish
_cURS
_erda
050 _aRT41
_b.N938 2004
100 _aMaglaya, Araceli S.,
_eeditor.
_91112
245 _aNursing practice in the community /
_cAraceli S. Maglaya.
250 _a4th ed.
260 _aMarikina City :
_bArgonauta Corporation,
_c©2004.
300 _a450 pages ;
_c25 cm.
336 _2rdacontent
_atext
_btxt
337 _2rdamedia
_aunmediated
_bn
338 _2rdacarrier
_avolume
_bnc
650 0 _aNursing.
_91023
650 0 _aNursing
_xPractice
_zPhilippines.
_91024
650 0 _aNursing process.
_91100
942 _2lcc
_cF
999 _c10693
_d10693